00000000nam##2200000za#4500
0019.693940
003CaOODSP
00520210624233906
007cr |||||||||||
008150407|2008||||xxc|||||o    f|0| 0 eng|d
020 |a978-1-896997-82-7
040 |aCaOODSP|beng
043 |an-cn---
0861 |aEn108-4/51-2008E-PDF
1101 |aCanada.|bCanadian Council of Ministers of the Environment.
24512|aA national picture of acid deposition critical loads for forest soils in Canada |h[electronic resource]
260 |bCanadian Council of Ministers of the Environment |c2008.
300 |a8p.|bcoloured maps
500 |a"A report prepared for the CCME Acid Rain Task Group."
590 |a11-01-Supp|b2011-01-11
77508|tCharges critiques de dépôts acides dans les sols forestiers – Profil de la situation au Canada |w(CaOODSP)9.638142
85640|ahttp://publications.gc.ca|qPDF|s241 KB|uhttps://publications.gc.ca/collections/collection_2010/ccme/En108-4-51-2008-eng.pdf
986 |aPN 1412